C++ Programming : (Record no. 8105)
[ view plain ]
| 000 -LEADER | |
|---|---|
| fixed length control field | 01370nac a22002891u 4500 |
| 090 ## - LOCALLY ASSIGNED LC-TYPE CALL NUMBER (OCLC); LOCAL CALL NUMBER (OCLC) | |
| -- | 8105 |
| 008 - FIXED-LENGTH DATA ELEMENTS--GENERAL INFORMATION | |
| fixed length control field | 090128t xxu||||| |||| 00| 0 eng d |
| 010 ## - LIBRARY OF CONGRESS CONTROL NUMBER | |
| LC control number | 2006285565 |
| 020 ## - INTERNATIONAL STANDARD BOOK NUMBER | |
| International Standard Book Number | 1418836400 |
| 020 ## - INTERNATIONAL STANDARD BOOK NUMBER | |
| International Standard Book Number | 9781418836405 |
| 024 3# - | |
| -- | 9781418836405 |
| 035 ## - SYSTEM CONTROL NUMBER | |
| System control number | (OCoLC)ocm70281553 |
| 035 ## - SYSTEM CONTROL NUMBER | |
| System control number | (OCoLC)70281553 |
| 082 00 - DEWEY DECIMAL CLASSIFICATION NUMBER | |
| Classification number | 005.133 |
| Item number | MAL |
| 100 ## - MAIN ENTRY--PERSONAL NAME | |
| Personal name | Malik, D. S. |
| 245 10 - TITLE STATEMENT | |
| Title | C++ Programming : |
| Remainder of title | Program design including data structures / |
| Statement of responsibility, etc | D.S. Malik. |
| 250 ## - EDITION STATEMENT | |
| Edition statement | 3rd ed. |
| 260 ## - PUBLICATION, DISTRIBUTION, ETC. (IMPRINT) | |
| Place of publication, distribution, etc | Australia : |
| Name of publisher, distributor, etc | Thomson Course Technology, |
| Date of publication, distribution, etc | c2007. |
| 300 ## - PHYSICAL DESCRIPTION | |
| Extent | xlvii, 1575 p. : |
| Other physical details | col. ill. ; |
| Dimensions | 23 cm. |
| 500 ## - GENERAL NOTE | |
| General note | Includes index. |
| 650 #0 - SUBJECT ADDED ENTRY--TOPICAL TERM | |
| Topical term or geographic name as entry element | C++ (Computer program language) |
| 856 41 - ELECTRONIC LOCATION AND ACCESS | |
| Materials specified | Table of contents only |
| Uniform Resource Identifier | <a href="http://www.loc.gov/catdir/toc/fy0705/2006285565.html">http://www.loc.gov/catdir/toc/fy0705/2006285565.html</a> |
| 942 ## - ADDED ENTRY ELEMENTS (KOHA) | |
| Item type | Book - Borrowing |
| Call number prefix | 005.133MAL |
| Source of classification or shelving scheme | Dewey Decimal Classification |
| Withdrawn status | Item status | Source of classification or shelving scheme | Damaged status | Not for loan | Vendor | Home library | Current library | Shelving location | Date acquired | Source of acquisition | Cost, normal purchase price | Total Checkouts | Total Renewals | Full call number | Barcode | Date last seen | Date last borrowed | Koha item type | Serial Enumeration / chronology |
|---|---|---|---|---|---|---|---|---|---|---|---|---|---|---|---|---|---|---|---|
| Dewey Decimal Classification | Alahram | Central Library | Central Library | Lower Floor | 21/03/2011 | 180.00 | 10 | 19 | 005.133 MAL | 000023071 | 15/07/2025 | 29/05/2022 | Book - Borrowing | ||||||
| Dewey Decimal Classification | Alahram | Central Library | Central Library | Lower Floor | 28/01/2009 | 346.40 | 4 | 40 | 005.133 MAL | 000014367 | 15/07/2025 | 05/10/2016 | Book - Borrowing | 06461 | |||||
| Dewey Decimal Classification | Central Library | Central Library | Lower Floor | 21/11/2011 | 3 | 27 | 005.133 MAL | 000010014 | 15/07/2025 | 27/02/2022 | Book - Borrowing |